Minerais de Minecraft - Mort subite - Statistiques

Statistiques générales
  • Ce quiz a été pris 2 738 fois
  • Le résultat moyen est 7 sur 11
Answers on the Grid
Answers color-coded by a green-red scale on the quiz's grid according to % correct below.
Lapis-Lazuli
Émeraude
Or de l’End
Diamant
Rubis
Redstone
Charbon
Débris antiques
Saphir
Bedrock
Or du Nether
Pierre
Cuivre
Or
Quartz de l’End
Fer
Améthyste
Brique
Quartz du Nether
Prismarine
 
Statistiques - réponses
Réponse % Correct
Lapis-Lazuli
94%
Émeraude
90%
Diamant
76%
Redstone
73%
Charbon
68%
Débris antiques
49%
Or
49%
Cuivre
46%
Fer
46%
Or du Nether
32%
Quartz du Nether
31%
Aucun quiz correspondant
Distribution des résultats
% des personnes avec chaque résultat
Percentile par nombre de réponses
Votre historique - résultats
Vous n’avez pas pris ce quiz